000 00550cam a2200205 a 4500
001 708285
005 20241129193030.0
008 970415s1998 maua 001 0 eng
020 _a9780070116443
050 0 0 _aQD31.2
_b.C37 1998
082 0 0 _a540
_221
100 1 _aChang, Raymond.
245 1 0 _aChemistry /
_cRaymond Chang.
250 _a6th ed.
260 _aBoston, Mass. :
_bMcGraw-Hill,
_cc1998.
300 _axxxviii, 995, 53 p. :
_bcol. ill. ;
_c27 cm.
500 _aIncludes index.
650 0 _aChemistry.
942 _2lcc
_cBK
_e6th ed.
_n0
999 _c1791
_d1791